Loading...
| Fine Arts - Auditory Fine Arts | 2 | 5.00 | 50% | 0% | 0% |
| Fine Arts - Other Fine Arts | 5 | 12.00 | 100% | 20% | 0% |
| Fine Arts - Visual Fine Arts | 4 | 15.00 | 100% | 25% | 25% |
| Geography | 1 | 20.00 | 100% | 100% | 0% |
| History - American History | 3 | 13.33 | 100% | 33% | 0% |
| History - European History | 3 | 16.67 | 100% | 67% | 0% |
| History - Other History | 4 | 15.00 | 100% | 25% | 25% |
| History - World History | 3 | 20.00 | 100% | 67% | 33% |
| Literature - American Literature | 1 | 10.00 | 100% | 0% | 0% |
| Literature - British Literature | 4 | 12.50 | 100% | 25% | 0% |
| Literature - European Literature | 4 | 10.00 | 100% | 0% | 0% |
| Literature - World Literature | 5 | 12.00 | 100% | 20% | 0% |
| Mythology | 3 | 10.00 | 67% | 33% | 0% |
| Other Academic | 1 | 10.00 | 100% | 0% | 0% |
| Philosophy | 1 | 20.00 | 100% | 100% | 0% |
| Pop Culture | 2 | 15.00 | 100% | 50% | 0% |
| Popular Culture | 1 | 10.00 | 100% | 0% | 0% |
| Religion | 2 | 10.00 | 100% | 0% | 0% |
| Science - Biology | 7 | 10.00 | 100% | 0% | 0% |
| Science - Chemistry | 2 | 5.00 | 50% | 0% | 0% |
| Science - Other Science | 3 | 13.33 | 100% | 33% | 0% |
| Science - Physics | 2 | 10.00 | 100% | 0% | 0% |
| Social Science | 4 | 10.00 | 75% | 25% | 0% |